Alphabet grec ancien minuscules -prononciation - Statistiques

Statistiques générales
  • Ce quiz a été pris 68 fois
    38 depuis la dernière actualisation
  • Le résultat moyen est 16 sur 24
Statistiques - réponses
Par images Réponse % Correct
l
90%
b
86%
é comme bébé
86%
o
86%
a
81%
k
81%
p
81%
r
81%
t
81%
m
76%
n
76%
ô
71%
i
67%
ph | f
67%
d
62%
g
62%
ps
62%
u
62%
è comme paix
57%
k
57%
th
52%
z
48%
ks
43%
ss
24%
Aucun quiz correspondant
Distribution des résultats
% des personnes avec chaque résultat
Percentile par nombre de réponses
Votre historique - résultats
Vous n’avez pas pris ce quiz depuis la dernière actualisation